Quizzes
Events
Quiz Creation
Community
Videos
Private Events
Remove Ads
Sign In
Join for FREE
Feedback
Dark Mode
Quiz Categories
Sports
Geography
Music
Movies
Television
Just For Fun
Miscellaneous
History
Literature
Language
Science
Gaming
Entertainment
Religion
Holiday
For Kids
Quiz Lab
Recent
Popular Today
Quiz Kudos Today
Editor Picks
Curator Picks
Quizzes by...
Day
Popularity
Type
Ratings
Length
Year
Community
Subscriptions
Recent Discussions
Orange Saloon
Badges
Playlists
Quests
Create
Leaderboards
Showdown
Live 5
Trivia Bingo
Activity
Puzzle Library
Sporcle Events
Private Events
Virtual Trivia
Globe League
Become a Host
Pub Owners
SporcleCon
Opinionation
Our Games
Videos
Blog
Mobile Apps
Partnerships
Remove Ads and Go Orange
Feedback
Movies
Disney
Marvel Cinematic Universe
Movie Resume
Movie Titles
Oscar
Actor
Actress
Director
Pixar
Role
Movie Quotes
Movie Characters
Box Office
Nominee
Best Picture
Star Wars
James Bond
Horror Movies
Movies
Disney
Marvel Cinematic Universe
Movie Resume
Movie Titles
Oscar
Actor
Actress
Director
Pixar
Role
Movie Quotes
Movie Characters
Box Office
Nominee
Best Picture
Star Wars
James Bond
Horror Movies
Random Quiz
Search Sporcle
×
Quiz Lab
Quiz Lab
Movies
Ready
Type in answers that appear in a list
Type in answers that appear in a list
Classic
Best Score? Go Orange.
Wrestlers In Ready To Rumble Stats
Can you name the Wrestlers In Ready To Rumble?
By
JVZ_2009
5m
17 Questions
202 Plays
202 Plays
202 Plays
Comments
Comments
Give Quiz Kudos
Give Quiz Kudos
-
- Ratings
hide this ad
Replay
Link that replays current quiz
Next Quiz
Link to next quiz in quiz playlist
You Got
0%
They Got
Avg Score
51%
Avg Friend Score
Upgrade to see
Score Distribution
Jump to the score distribution portion of the page
Score
0/17
Timer
05:00
0
Plays Today
Wrestler
% Correct
Diamond Dallas Page
93.1%
Goldberg
85.1%
Sting
76.7%
Booker T
76.2%
Rey Mysterio
65.3%
Bam Bam Bigelow
59.4%
Billy Kidman
58.9%
Perry Saturn
58.4%
Disco Inferno
51%
Wrestler
% Correct
Sid Vicious
50.5%
Randy Savage
47%
Konnan
39.6%
Juventud Guerrera
37.6%
Curt Hennig
32.7%
Van Hammer
22.8%
Prince Iaukea
18.8%
Gorgeous George
6.9%
Quiz Playlist
Details
Report
Send in Message
Add To Playlist
Classic:
Type in answers that appear in a list
Last Updated: Feb 16, 2017
Quiz Scoreboard
CHALLENGE
Sign Up to Join the Scoreboard
Show All
Scores
Hide
Comments
May contain spoilers
Recently Published
NBA Finals Game Top Scorers (2010s)
by flibbidy
Sports
5m
Guess the 'R' Things in 3 Words
by MSUKent
Miscellaneous
3m
Actor to Badly Drawn Movie III
by MoMosMoProblems
Movies
5m
More to Explore
Quiz From the Vault
Featured Blog Post
Where Does Lost Luggage Go?
hide this ad
You Might Also Like...
Tags
Ready
rumble
Wrestlers
Today's Top Quizzes in Movies
Browse Movies
hide this ad
Today's Top Quizzes in Ready
Browse Ready
Top Contributed Quizzes in Movies
1
Pixar Reveal II
2
How Long Is the Movie Title?
3
Pixar Reveal III
4
10 Quentin Tarantino Movies in Order
5
Adjectives in 00s Movies
6
Pixar Reveal IV
7
Movie Stars Gone to the Dogs
8
Adjectives in 10s Movies
9
Pixar Reveal V
10
Adjectives in 90s Movies
Explore More
Trending Topics
Kpop
Marvel
Crossword
Disney
Anime
NBA
Harry Potter
WWE
NFL
Puzzle
Pokémon
Country
Soccer
Song
The Office
hide this ad
More By:
JVZ_2009
Quiz
Plays
Rating
Category
Featured
Created
WWE Wrestlers In Movies
6,137
2.85
Movies
Feb 16, 2010
1000 Yard Rushers Since 2000
3,567
4.21
Sports
Jan 28, 2010
Hard Rock/Metal Bands
1,467
4.50
Music
Feb 5, 2010
Top 100 Rock Songs of the 2000s
1,454
2.59
Music
Jan 21, 2010
Cowboys QBs 2000-2006
530
Sports
Jan 13, 2010
Go to Creator's Profile
Score Distribution
Quiz Creator Spotlight
JVZ_2009
Follow
Send a Message
Quizzes Created
-
Created Quiz Play Count
-
More By This Creator
Popular Quizzes Today
1
Find the US States - No Outlines Minefield
2
Find the US States
3
The Countries of the World
4
10 Largest US States in Order
5
Find the Countries of Europe - No Outlines Minefield
6
US States
7
Guess the 'R' Things in 3 Words
8
NBA Finals Game Top Scorers (2010s)
More Movies Quizzes
click, click, BOOM: Movies II
Published
Trending Quizzes
First Name TV: Leading Men
Match the Book to the Film II
First Name TV: Leading Women Drama
3-Word Movies in 1 Word II
Match the Book to the Film VI
Recently Updated
Women's Final Four Teams by Year
bhenderson79
Presidents Quartet II
eogle
Anything But Clue(do)
eogle
Anything But Oceanian Capitals
eogle
Anything But 7
eogle
Anything But Thing
eogle
Word Ladder: February 29
pecheneg
Song Title Questions
pecheneg
Women's NCAA Tournament #1 Seeds
pecheneg
Celebrity Mug Shots
pecheneg
Trending Topics
NBA
Kpop
Disney
Marvel
Harry Potter
Anime
Crossword
The Office
Country
Song
Puzzle
Soccer
Pokémon
NFL
WWE
Your Account Isn't Verified!
In order to create a playlist on Sporcle, you need to verify the email address you used during registration. Go to your
Sporcle Settings
to finish the process.
Report this User
Report this user for behavior that violates our
Community Guidelines
.
Details:
Send Report
Go to the Sporcle.com Mobile Site →
Comments